000 00326 a2200121 4500
000 nam a22 7a 4500
005 20260429125248.0
020 _a9788193245286
100 _aNarasimha Karumanchi
_91235990
245 _aData Structures And Algorithms Made Easy
260 _bCareerMonk Publications
_c2023
942 _cTEXL
999 _c1848642
_d1848642